|
|
|
|
| LEADER |
00965nam a22002297a 4500 |
| 001 |
38497 |
| 003 |
BD-DhAAL |
| 008 |
220605t2018 bg ||||| |||| 00| 0 ben d |
| 999 |
|
|
|c 44297
|d 44297
|
| 020 |
|
|
|a 9789849295525
|
| 040 |
|
|
|a BD-DhAAL
|c BD-DhAAL
|
| 082 |
|
|
|a 891.443
|2 23
|
| 100 |
|
|
|a বায়েস, আব্দুল
|9 48877
|
| 245 |
|
|
|a নন্দিত নগরে /
|c আব্দুল বায়েস
|
| 246 |
|
|
|a Nondito nogore
|
| 260 |
|
|
|a ঢাকা :
|b পাঞ্জেরি পাবলিকেশন্স,
|c ২০১৮.
|
| 300 |
|
|
|a ১০৪ পৃষ্ঠা ;
|c ২২ সে.মি.
|
| 541 |
|
|
|a Donated by Akbar Ali Khan
|e 38497
|
| 650 |
|
|
|a Short stories, Bengali.
|9 48878
|
| 852 |
|
|
|a Ayesha Abed Library
|c Akbar Ali Khan Collection
|
| 942 |
|
|
|2 ddc
|c BK
|
| 952 |
|
|
|0 0
|1 0
|2 ddc
|4 0
|6 891_443000000000000_BAY
|7 1
|9 70781
|a BRACUL
|b BRACUL
|c CS1
|d 2022-06-05
|e Donated by Akbar Ali Khan
|l 0
|o 891.443 BAY
|p 3010038497
|r 2022-06-05
|t 1
|w 2022-06-05
|y BK
|